<?xml version="1.0" encoding="UTF-8"?>
<record
    xmlns:xsi="http://www.w3.org/2001/XMLSchema-instance"
    xsi:schemaLocation="http://www.loc.gov/MARC21/slim http://www.loc.gov/standards/marcxml/schema/MARC21slim.xsd"
    xmlns="http://www.loc.gov/MARC21/slim">

  <leader>01617nam a22003137a 4500</leader>
  <controlfield tag="001">BRCA_9266</controlfield>
  <controlfield tag="003">FranzMayer</controlfield>
  <controlfield tag="005">20230719122247.0</controlfield>
  <controlfield tag="008">230719b        |||||||| |||| 00| 0 eng d</controlfield>
  <datafield tag="040" ind1=" " ind2=" ">
    <subfield code="a">MFM</subfield>
    <subfield code="b">esp</subfield>
    <subfield code="c">MFM</subfield>
  </datafield>
  <datafield tag="050" ind1=" " ind2="4">
    <subfield code="a">CO100</subfield>
    <subfield code="b">R43 1789</subfield>
  </datafield>
  <datafield tag="082" ind1=" " ind2=" ">
    <subfield code="2">BS617.8</subfield>
  </datafield>
  <datafield tag="110" ind1="1" ind2=" ">
    <subfield code="4">Editorial</subfield>
    <subfield code="a">Real Compa&#xF1;&#xED;a de Impresores y Libreros del Reyno</subfield>
    <subfield code="b">Imprenta de Pedro Marin</subfield>
    <subfield code="9">28846</subfield>
  </datafield>
  <datafield tag="240" ind1="1" ind2=" ">
    <subfield code="a">A&#xF1;o Christiano Marzo</subfield>
    <subfield code="h">O exercicios devotos para todos los d&#xED;as del a&#xF1;o </subfield>
    <subfield code="l">esp</subfield>
  </datafield>
  <datafield tag="245" ind1="0" ind2=" ">
    <subfield code="a">A&#xF1;o Christiano Marzo</subfield>
    <subfield code="b">O exercicios devotos para todos los d&#xED;as del a&#xF1;o </subfield>
  </datafield>
  <datafield tag="260" ind1=" " ind2=" ">
    <subfield code="a">Madrid, Espa&#xF1;a</subfield>
    <subfield code="b">Pedro Marin</subfield>
    <subfield code="c">1789</subfield>
  </datafield>
  <datafield tag="300" ind1=" " ind2=" ">
    <subfield code="a">1 v.</subfield>
    <subfield code="c">21 cm.</subfield>
  </datafield>
  <datafield tag="500" ind1=" " ind2=" ">
    <subfield code="a">El libro contiene una marca de fuego perteneciente a la orden de las Agustinas: Agustinas BFFB-025472</subfield>
  </datafield>
  <datafield tag="500" ind1=" " ind2=" ">
    <subfield code="a">La numeraci&#xF3;n del libro llega hasta la p&#xE1;gina 545 y posteriormente comienza de nuevo hasta la p&#xE1;gina 152</subfield>
  </datafield>
  <datafield tag="500" ind1=" " ind2=" ">
    <subfield code="a">Las &#xFA;ltimas p&#xE1;ginas del libro fueron restauradas</subfield>
  </datafield>
  <datafield tag="500" ind1=" " ind2=" ">
    <subfield code="a">El libro contiene dos tiras de cuero en la cubierta para cerrarlo.</subfield>
  </datafield>
  <datafield tag="505" ind1="0" ind2=" ">
    <subfield code="a">Texto en: espa&#xF1;olTraducido del: franc&#xE9;sDirigido a: estudiosos, te&#xF3;logos, historiadores y especialmente a cualquier persona perteneciente a la iglesia cristiana desde los creyentes hasta el pastor.Incluye &#xED;ndice tem&#xE1;tico </subfield>
  </datafield>
  <datafield tag="600" ind1="1" ind2=" ">
    <subfield code="2">Traductor</subfield>
    <subfield code="a">De la Cruz Herrera, Don Enrique</subfield>
    <subfield code="9">28847</subfield>
  </datafield>
  <datafield tag="650" ind1="1" ind2=" ">
    <subfield code="2">Biblia</subfield>
    <subfield code="a">Biblia cristiana</subfield>
    <subfield code="v">Devocional </subfield>
    <subfield code="9">28848</subfield>
  </datafield>
  <datafield tag="651" ind1=" " ind2=" ">
    <subfield code="2">Teolog&#xED;a</subfield>
    <subfield code="a">Biblia cristiana</subfield>
    <subfield code="v">Uso diario</subfield>
    <subfield code="9">28849</subfield>
  </datafield>
  <datafield tag="700" ind1="1" ind2=" ">
    <subfield code="4">Trad y rev.</subfield>
    <subfield code="a">De la Cruz Herrera, Don Enrique</subfield>
    <subfield code="9">28850</subfield>
  </datafield>
  <datafield tag="856" ind1=" " ind2=" ">
    <subfield code="3">https://baul.fahho.mx/Record/59330</subfield>
  </datafield>
  <datafield tag="942" ind1=" " ind2=" ">
    <subfield code="2">lcc</subfield>
    <subfield code="c">B</subfield>
  </datafield>
  <datafield tag="999" ind1=" " ind2=" ">
    <subfield code="c">10885</subfield>
    <subfield code="d">10885</subfield>
  </datafield>
  <datafield tag="952" ind1=" " ind2=" ">
    <subfield code="0">0</subfield>
    <subfield code="1">0</subfield>
    <subfield code="2">lcc</subfield>
    <subfield code="4">0</subfield>
    <subfield code="7">0</subfield>
    <subfield code="8">CFM</subfield>
    <subfield code="a">BRCA</subfield>
    <subfield code="b">BRCA</subfield>
    <subfield code="d">2023-07-19</subfield>
    <subfield code="e">Donaci&#xF3;n</subfield>
    <subfield code="l">0</subfield>
    <subfield code="o">CO100 R43 1789</subfield>
    <subfield code="p">CFM00499</subfield>
    <subfield code="r">2023-07-19 00:00:00</subfield>
    <subfield code="w">2023-07-19</subfield>
    <subfield code="y">B</subfield>
  </datafield>
</record>
